000 00497nam a2200181Ia 4500
001 23025
005 20260414150910.0
008 260414t2009||||xx |||||||||||||| ||spa||
041 _aESP
082 _a624.177
_bF317
100 _aFardis, Michael N.,
_eAUT
245 0 _aSeismic design, assessment and retrofitting of concrete buildings :
_based on en-eurocode 8
260 _c2009
300 _axxiii, 743 páginas :
_c24 cm.
650 _a0
654 _aCIC
942 _cLIB
_dJUS
_fJUS
_2ddc
_n
999 _c23025
_d23025